Establishment of British rule, 1757-1813 (Record no. 30427)

MARC details
000 -LEADER
fixed length control field 00487nam a2200169Ia 4500
008 - FIXED-LENGTH DATA ELEMENTS--GENERAL INFORMATION
fixed length control field 230917s9999||||xx |||||||||||||| ||und||
020 ## - ISBN
Price RS220
040 ## - CATALOGING SOURCE
-- 241860
Original cataloging agency VIVEKANANDA LIBRARY
041 ## - Language
-- English
082 ## - DDC NUMBER
Classification number 954.03 F238E
100 ## - MAIN ENTRY--PERSONAL NAME
Personal name Farooqui, Amar
245 #0 - TITLE STATEMENT
Title Establishment of British rule, 1757-1813
260 ## - PUBLICATION, DISTRIBUTION, ETC. (IMPRINT)
Place of publication, distribution, etc New Delhi
Name of publisher, distributor, etc Tulika Books
Date of publication, distribution, etc 2014
300 ## - PHYSICAL DESCRIPTION
Pages xii, 96 p.
500 ## - GENERAL NOTE
General note 3420 28/01/2019 HBD17/7050 13/09/2017 Ch. Ranbir Singh Institute of Social and
942 ## - ADDED ENTRY ELEMENTS (KOHA)
Koha item type Books
Holdings
Withdrawn status Lost status Damaged status Not for loan Location (home branch) Sublocation or collection (holding branch) Date acquired Koha issues (times borrowed) Koha full call number Accession No. Koha date last seen Koha item type Shelving location
        VIVEKANANDA LIBRARY VIVEKANANDA LIBRARY 14/04/2018   954.03 F238E 363159 17/09/2023 Books  
        VIVEKANANDA LIBRARY VIVEKANANDA LIBRARY 14/04/2018   954.03 F238E 387557 17/09/2023 Books Chaudhry Ranbir Singh Inst. of Social and Economic Change
© Designed and Maintained by Vivekananda Library, MDU Rohtak